000 00442ngm a2200169 i 4500
001 C2-0315306
003 PPAK
005 20180727221236.0
008 120604s2010 xxu|||| ||||| | vleng d
040 _aPPAK
_beng
_cPPAK
_erda
245 0 0 _aAmerica :
_bthe story of us
264 1 _aUnited States :
_bNewVideo ,
_c2010
336 _2rdacontent
_atext
337 _2rdamedia
_aunmediated
338 _2rdacarrier
_avolume
942 _2ddc
_cDVD
999 _c166973
_d166973